Finite Element Analysis: Theory and Application with ANSYS, Global Edition/

For courses in Finite Element Analysis, offered in departments of Mechanical or Civil and Environmental Engineering.   Finite Element Analysis: Theory and Application with ANSYS incorporates ANSYS as an integral part of its content. Moaveni presents the theory of finite element analysis, explores it...

Full description

Saved in:
Bibliographic Details
Main Author: Moaveni, Saeed (Author)
Format: Electronic Book
Published: Harlow : Pearson International Content, 2015.
Edition:Fourth edition
Subjects:
Online Access:https://resolver.vitalsource.com/9780273774334
Tags: Add Tag
No Tags, Be the first to tag this record!

MARC

LEADER 00000nam#a2200000 4500
001 9780273774334
003 VST
005 20260317120218.0
006 m o d
007 cr#un#---uucau
008 150212s2015 xxk o 00 0 eng d
020 |a  9780273774334   |q  (ebook)  
020 |z  9780273774303   |q  (ebook)  
040 |a VST  |b eng  |c VST  |d VST 
072 |a TEC009000  |2 bisacsh 
072 |a NON000000  |2 bisacsh 
072 |a TG  |2 bicssc 
072 |a TN  |2 bicssc 
072 |a TGB  |2 bicssc 
100 1 |a Moaveni, Saeed  |e author 
245 1 0 |a Finite Element Analysis: Theory and Application with ANSYS, Global Edition/  |c  Saeed Moaveni. 
250 |a Fourth edition 
264 1 |a Harlow :  |b Pearson International Content,  |c 2015. 
300 |a 1 online resource 
336 |a text  |b txt  |2 rdacontent 
337 |a computer  |b c  |2 rdamedia 
338 |a online resource  |b cr  |2 rdacarrier 
520 |a For courses in Finite Element Analysis, offered in departments of Mechanical or Civil and Environmental Engineering.   Finite Element Analysis: Theory and Application with ANSYS incorporates ANSYS as an integral part of its content. Moaveni presents the theory of finite element analysis, explores its application as a design/modeling tool, and explains in detail how to use ANSYS intelligently and effectively.   Teaching and Learning Experience This program will provide a better teaching and learning experience—for you and your students. It will help: Present the Theory of Finite Element Analysis: The presentation of theoretical aspects of finite element analysis is carefully designed not to overwhelm students. Explain How to Use ANSYS Effectively: ANSYS is incorporated as an integral part of the content throughout the book. Explore How to Use FEA as a Design/Modeling Tool: Open-ended design problems help students apply concepts. The full text downloaded to your computer With eBooks you can: search for key concepts, words and phrases make highlights and notes as you study share your notes with friends eBooks are downloaded to your computer and accessible either offline through the Bookshelf (available as a free download), available online and also via the iPad and Android apps. Upon purchase, you'll gain instant access to this eBook. Time limit The eBooks products do not have an expiry date. You will continue to access your digital ebook products whilst you have your Bookshelf installed. 
650 4 |a Non-Classifiable 
650 4 |a Technology & Engineering/Engineering (General) 
856 4 0 |u https://resolver.vitalsource.com/9780273774334 
999 |c 249595  |d 249594